| 000 | 00508nam a22001577a 4500 | ||
|---|---|---|---|
| 003 | macl | ||
| 005 | 20210210130205.0 | ||
| 008 | 210210b xxu||||| |||| 00| 0 eng d | ||
| 040 | _cmacl | ||
| 082 | _a891.431/PRE/P | ||
| 100 |
_aप्रसून , रमेश _980904 |
||
| 245 | _aआ टॅगा आकाश खिडकी पर | ||
| 260 |
_aदिल्ली _bसमन्वय प्रकाशन _c2017 |
||
| 650 |
_aकविता संग्रह _977489 |
||
| 942 |
_2ddc _cHIN |
||
| 999 |
_c64124 _d64124 |
||